| 000 -CABECERA |
| Longitud fija campo de control |
00801nam a2200229 a 4500 |
| 001 - NÚMERO DE CONTROL |
| Número de control |
2345 |
| 003 - IDENTIFICADOR DEL NÚMERO DE CONTROL |
| Identificador del número de control |
CDMR |
| 005 - FECHA Y HORA DE LA ÚLTIMA TRANSACCIÓN |
| Fecha y hora de la última transacción |
20131128153724.0 |
| 008 - CÓDIGOS DE INFORMACIÓN DE LONGITUD FIJA |
| Códigos de información de longitud fija |
130130s1984||||||||||||||||||||||||||||d |
| 020 ## - NÚMERO INTERNACIONAL NORMALIZADO PARA LIBROS |
| Número Internacional Normalizado para Libros (ISBN) |
847423218X |
| 040 ## - FUENTE DE LA CATALOGACIÓN |
| Centro catalogador de origen |
CDMR |
| Lengua de catalogación |
cat |
| Centro transcriptor |
CDMR |
| 100 1# - PUNTO DE ACCESO PRINCIPAL-NOMBRE DE PERSONA |
| Nombre de persona |
Chomsky, Noam |
| 9 (RLIN) |
1756 |
| 245 13 - MENCIÓN DE TÍTULO |
| Título |
La segunda guerra fría |
| Resto del título |
: crítica de la política norteamericana, sus mitos y su propaganda |
| Mención de responsabilidad, etc. |
Noam Chomsky ; traducción castellana de miguel Candel |
| 246 ## - VARIANTES DE TÍTULO |
| Título propio / Título en breve |
Towards a new Cold War |
| Resto de título |
: essays on the current crisis and how we got there |
| 260 ## - PUBLICACIÓN, DISTRIBUCIÓN, ETC. (PIE DE IMPRENTA) |
| Lugar de publicación, distribución, etc. |
Barcelona |
| Fecha de publicación, distribución, etc. |
1984 |
| Nombre del editor, distribuidor, etc. |
Crítica |
| 300 ## - DESCRIPCIÓN FÍSICA |
| Extensión |
324 p. |
| 650 04 - PUNTO DE ACCESO ADICIONAL DE MATERIA - TÉRMINO DE MATERIA |
| 9 (RLIN) |
3177 |
| Término de materia o nombre geográfico como elemento inicial |
Propaganda |
| 650 04 - PUNTO DE ACCESO ADICIONAL DE MATERIA - TÉRMINO DE MATERIA |
| 9 (RLIN) |
2305 |
| Término de materia o nombre geográfico como elemento inicial |
Comunicació |
| Subdivisión de materia general |
Aspectes polítics |
| 650 04 - PUNTO DE ACCESO ADICIONAL DE MATERIA - TÉRMINO DE MATERIA |
| 9 (RLIN) |
3626 |
| Término de materia o nombre geográfico como elemento inicial |
Guerra freda |
| 650 04 - PUNTO DE ACCESO ADICIONAL DE MATERIA - TÉRMINO DE MATERIA |
| 9 (RLIN) |
4228 |
| Término de materia o nombre geográfico como elemento inicial |
Estats Units d'Amèrica |
| Subdivisión de materia general |
Política i govern |
| 942 ## - ENTRADA DE ELEMENTOS AGREGADOS (KOHA) |
| Koha [por defecto] tipo de item |
Monografies |
| Fuente de clasificaión o esquema |
|